LEADER 01579nam 2200469Ia 450 001 9910700974603321 005 20110930082814.0 035 $a(CKB)5470000002413279 035 $a(OCoLC)755069172 035 $a(EXLCZ)995470000002413279 100 $a20110930d2011 ua 0 101 0 $aeng 135 $aurbn||||||||| 181 $ctxt$2rdacontent 182 $cc$2rdamedia 183 $acr$2rdacarrier 200 10$aAcoustic absorption in porous materials$b[electronic resource] /$fMaria A. Kuczmarski and James C. Johnston 210 1$aCleveland, Ohio :$cNational Aeronautics and Space Administration, Glenn Research Center,$d[2011] 215 $a1 online resource (20 pages) $cillustrations 225 1 $aNASA/TM ;$v2011-216995 300 $aTitle from title screen (viewed on Sept. 30, 2011). 300 $a"March 2011." 320 $aIncludes bibliographical references (pages 18-20). 606 $aAcoustic properties$2nasat 606 $aPorous materials$2nasat 606 $aSound waves$2nasat 606 $aWave interaction$2nasat 606 $aAcoustic attenuation$2nasat 615 7$aAcoustic properties. 615 7$aPorous materials. 615 7$aSound waves. 615 7$aWave interaction. 615 7$aAcoustic attenuation. 700 $aKuczmarski$b Maria K$01401709 701 $aJohnston$b James C$016429 712 02$aNASA Glenn Research Center. 801 0$bGPO 801 1$bGPO 906 $aBOOK 912 $a9910700974603321 996 $aAcoustic absorption in porous materials$93470768 997 $aUNINA LEADER 03272oas 2201381 a 450 001 9910144224003321 005 20260119190416.0 011 $a1097-4172 035 $a(DE-599)ZDB2001951-8 035 $a(DE-599)2001951-8 035 $a(OCoLC)37458646 035 $a(CONSER)sn 97005043 035 $a(CKB)954925463183 035 $ahttps://learn360.infobase.com/titles/127349?aid= 035 $ahttps://learn360.infobase.com/titles/74418?aid= 035 $ahttps://learn360.infobase.com/titles/FF3454?aid= 035 $ahttps://learn360.infobase.com/titles/FF6566?aid= 035 $a(EXLCZ)99954925463183 100 $a19970813a19749999 sy a 101 0 $aeng 135 $aurcn||||||||| 181 $ctxt$2rdacontent 182 $cc$2rdamedia 183 $acr$2rdacarrier 200 10$aCell 210 $aCambridge, Mass. $cMIT$d1974- 210 3 $aNetherlands $cElsevier 300 $aRefereed/Peer-reviewed 300 $aTitle from contents screen (ScienceDirect, viewed Oct. 17, 2005). 300 $aPublished: MIT, 1973-1985; Cell Press, 1986-2004; Elsevier Inc., 2005- 311 08$a0092-8674 531 0 $aCell 606 $aCytology$vPeriodicals 606 $aVirology$vPeriodicals 606 $aCell Biology 606 $aCytologie$vPe?riodiques 606 $aVirologie$vPe?riodiques 606 $aCytology$2fast$3(OCoLC)fst00886282 606 $aVirology$2fast$3(OCoLC)fst01167670 606 $aCitologia$vRevistes$2lemac 606 $aVirologia$vRevistes$2lemac 607 $aCelle$2gnd 608 $aperiodicals.$2aat 608 $aPeriodicals.$2fast 608 $aPeriodicals.$2lcgft 608 $aPe?riodiques.$2rvmgf 608 $aZeitschrift$2swd 615 0$aCytology 615 0$aVirology 615 2$aCell Biology. 615 6$aCytologie 615 6$aVirologie 615 7$aCytology. 615 7$aVirology. 615 7$aCitologia 615 7$aVirologia 676 $a572 801 0$bDLM 801 1$bDLM 801 2$bNSD 801 2$bOCL 801 2$bMXC 801 2$bOCLCQ 801 2$bMYG 801 2$bIUL 801 2$bOCLCQ 801 2$bMUQ 801 2$bOCLCQ 801 2$bGUA 801 2$bCIT 801 2$bOCLCQ 801 2$bSERSO 801 2$bHEBIS 801 2$bOCLCQ 801 2$bOCLCO 801 2$bOCLCQ 801 2$bOCLCF 801 2$bOCLCO 801 2$bEUW 801 2$bOCLCO 801 2$bOCLCQ 801 2$bDEFHM 801 2$bOCLCO 801 2$bOCLCA 801 2$bELW 801 2$bOCLCO 801 2$bTSC 801 2$bOCLCO 801 2$bUMC 801 2$bOCLCA 801 2$bTYC 801 2$bDLC 801 2$bLND 801 2$bOCLCO 801 2$bOCLCA 801 2$bBUF 801 2$bOCLCO 801 2$bU3W 801 2$bOCLCO 801 2$bEZC 801 2$bOCLCO 801 2$bWYU 801 2$bTKN 801 2$bVT2 801 2$bCNTRU 801 2$bOCLCO 801 2$bOCLCA 801 2$bOCLCQ 801 2$bUAB 801 2$bSFB 801 2$bOCLCL 801 2$bSRU 801 2$bVLY 801 2$bOCLCQ 906 $aJOURNAL 912 $a9910144224003321 996 $aCell$957824 997 $aUNINA